Personální strategie krok za krokem
Saved in:
| Main Author: | |
|---|---|
| Other Authors: | , |
| Format: | Book |
| Language: | Czech |
| Published: |
Praha
C. H. Beck
2013
|
| Series: | C. H. Beck pro praxi
|
| Subjects: | |
| Tags: |
No Tags, Be the first to tag this record!
|
MARC
| LEADER | 00000nam a2200000 4500 | ||
|---|---|---|---|
| 001 | 0165960 | ||
| 005 | 20240313133334.5 | ||
| 020 | |a 978-80-7179-564-3 | ||
| 041 | 0 | |a cze | |
| 044 | |a CZ | ||
| 245 | 1 | 0 | |a Personální strategie |b krok za krokem |c Alena Hanzelková, Miloslav Keřkovský, Lubomír Kostroň |
| 264 | 1 | |a Praha |b C. H. Beck |c 2013 | |
| 300 | |a 159 s. | ||
| 490 | 1 | |a C. H. Beck pro praxi | |
| 830 | 0 | |a C. H. Beck pro praxi | |
| 610 | 2 | 0 | |a riadenie podnikové |
| 610 | 2 | 0 | |a riadenie strategické |
| 610 | 2 | 0 | |a stratégia podniková |
| 610 | 2 | 0 | |a stratégia obchodná |
| 610 | 2 | 0 | |a riadenie ľudských zdrojov |
| 610 | 2 | 0 | |a personalistika |
| 610 | 2 | 0 | |a výber pracovníkov |
| 610 | 2 | 0 | |a motivácia pracovná |
| 610 | 2 | 0 | |a riadenie personálne |
| 100 | 1 | |a Hanzelková, Alena | |
| 700 | 1 | |a Keřkovský, Miloslav | |
| 700 | 1 | |a Kostroň, Lubomír | |